MARC

LEADER 00000nam1a2200000 4500
001 282219
005 20231101235458.0
020 |a RU  |b 84-44681 
035 |a (RuTPU)RU\TPU\book\306095 
090 |a 282219 
100 |a 20150129d1984 km y0rusy5003 ca 
101 0 |a rus 
200 1 |a Оценка показателей свойств пород полевыми методами  |f Т. А. Грязнов 
210 |a Москва  |c Недра  |d 1984 
215 |a 197 с.  |c ил. 
320 |a Библиогр.: с. 195-196 
606 1 |a Инженерно-геологические исследования полевые  |2 stltpush  |3 (RuTPU)RU\TPU\subj\12586  |9 39348 
610 1 |a горные породы 
610 1 |a свойства 
610 1 |a методы 
610 1 |a технические средства 
610 1 |a полевые исследования 
610 1 |a пенетрационный каротаж 
610 1 |a применение 
675 |a 624.131.38  |z rus  |v 4 
700 1 |a Грязнов  |b Т. А.  |g Тихон Алексеевич  |4 070 
801 0 |a RU  |b RuMRKP  |c 19950704  |g psbo 
801 1 |a RU  |b 63413507  |c 20150129 
801 2 |a RU  |b 63413507  |c 20210317  |g RCR 
942 |c BK